| Поле | Инд. | ПП | Название | Значение |
|---|---|---|---|---|
| Тип записи | a | |||
| Библиографический уровень | m | |||
| 001 | Контрольный номер | DU/656679337 | ||
| 005 | Дата корректировки | 20251208102818.9 | ||
| 008 | Кодируемые данные | 19951221 | ||
| 020 | a | ISBN | 9789851386129 | |
| 040 | 00 | e | Правила каталог. | Л 951221 |
| 084 | a | Индекс другой классификации/Индекс ББК | 85.103(2=411.2)я2 | |
| 090 | 00 | a | Полочн. индекс | 85.103(2=411.2)я2 |
| x | Авторский знак | А 465 | ||
| 097 | 00 | a | 230 | |
| 100 | 1_ | a | Автор | Александров В. Н. |
| q | Полное имя | Александров Виктор Николаевич | ||
| 245 | 00 | a | Заглавие | История русского искусства |
| b | Продолж. заглавия | Краткий справочник школьника | ||
| 260 | 00 | a | Место издания | Минск |
| b | Издательство | Харвест | ||
| c | Дата издания | 2007 | ||
| 300 | 00 | a | Объем | 736 с. |
| b | Иллюстрации/ тип воспроизводства | ил. | ||
| 336 | a | Термин вида содержания | Текст | |
| 337 | a | Термин типа средства | непосредственный | |
| 650 | 04 | a | Основная рубрика | изобразительное искусство |
| a | Основная рубрика | искусство | ||
| a | Основная рубрика | история изобразительного искусства | ||
| 653 | 00 | a | Ключевые слова | архитектура |
| a | Ключевые слова | города | ||
| a | Ключевые слова | гравюры | ||
| a | Ключевые слова | декоративно-прикладное искусство | ||
| a | Ключевые слова | живопись | ||
| a | Ключевые слова | иконопись | ||
| a | Ключевые слова | мастерство художника | ||
| a | Ключевые слова | миниатюра | ||
| a | Ключевые слова | резьба | ||
| a | Ключевые слова | Россия | ||
| a | Ключевые слова | русское искусство | ||
| a | Ключевые слова | скульптура | ||
| a | Ключевые слова | средние века | ||
| a | Ключевые слова | художественное творчество | ||
| a | Ключевые слова | художники | ||
| 900 | a | Имя электронного ресурса | obl_9789851386129 | |
| x | Справочная информация | Обложка | ||
| 901 | t | Тип документа | m | |
| 952 | a | Тип литературы для КСУ ВШ | СИ |